Principles Of Engineering (Record no. 343874)

MARC details
000 -LEADER
fixed length control field 00481nam a2200169Ia 4500
008 - FIXED-LENGTH DATA ELEMENTS--GENERAL INFORMATION
fixed length control field 230718s9999 xx 000 0 und d
020 ## - INTERNATIONAL STANDARD BOOK NUMBER
International Standard Book Number 9788131525005
041 ## - LANGUAGE CODE
Language code of text/sound track or separate title eng
082 ## - DEWEY DECIMAL CLASSIFICATION NUMBER
Classification number 620
Item number HAN
100 ## - MAIN ENTRY--PERSONAL NAME
Personal name Handley B.A.
9 (RLIN) 199774
245 ## - TITLE STATEMENT
Title Principles Of Engineering
260 ## - PUBLICATION, DISTRIBUTION, ETC. (IMPRINT)
Date of publication, distribution, etc. 2014
Name of publisher, distributor, etc. Cengage Learning
300 ## - PHYSICAL DESCRIPTION
Extent 505
365 ## - TRADE PRICE
Currency code Rs.
Price amount 1050.00
700 ## - ADDED ENTRY--PERSONAL NAME
Personal name Handley B.A.; Marshall D.M. & Coon C.
9 (RLIN) 199775
906 ## - LOCAL DATA ELEMENT F, LDF (RLIN)
d O:0366731-Dec-2016B:IN108013-Sep-2016
c ETC
b 262.5
Holdings
Withdrawn status Lost status Damaged status Not for loan Home library Current library Date acquired Vendor Budget Code Cost, normal purchase price Bill number Total Checkouts Full call number Barcode Date last seen Discount Cost, replacement price Bill Date Koha item type Original Barcode
        Cummins College of Engineering for Women Pune Cummins College of Engineering for Women Pune 05/01/2017 Pradeep Book Distributors ETC 787.50 IN1080   620 CCEP-BK-55081 18/07/2023 262.5 1050.00 13/09/2016 Books 055081